Name a City in Every State that isn't the Largest City or it's Capital - Statistics

General Stats
  • This quiz has been taken 258 times
  • The average score is 30 of 50
Answer Stats
Hint Answer % Correct
California San Diego | San Jose | San Francisco | Fresno | Long Beach
93%
Texas San Antonio | Dallas | Fort Worth | El Paso | Arlington
90%
Florida Miami | Tampa | Orlando | St. Petersburg | Hialeah
89%
New York Buffalo | Rochester | Yonkers | Syracuse | New Rochelle
83%
Ohio Cleveland | Cincinnati | Toledo | Akron | Dayton
81%
Missouri St. Louis | Springfield | Columbia | Independence | Lee's Summit
80%
Alabama Birmingham | Mobile | Tuscaloosa | Hoover | Auburn
79%
Georgia Augusta | Columbus | Macon | Savannah | Athens
78%
Arizona Tucson | Mesa | Chandler | Gilbert | Glendale
78%
Pennsylvania Pittsburgh | Allentown | Erie | Reading | Bethlehem
77%
Colorado Colorado Springs | Aurora | Fort Collins | Lakewood | Thornton
76%
Tennessee Memphis | Knoxville | Chattonooga | Clarksville | Murfreesboro
74%
North Carolina Greensboro | Durham | Winston-Salem | Fayetteville | Cary
73%
Nevada Henderson | Reno | North Las Vegas | Paradise | Spring Valley
72%
Kansas Overland Park | Kansas City | Olathe | Lawrence | Shawnee
72%
Alaska Fairbanks | Wasilla | Sitka | Ketchikan | Kenai
71%
Michigan Grand Rapids | Warren | Sterling Heights | Ann Arbor | Flint
71%
Massachusetts Worcester | Springfield | Cambridge | Lowell | Brockton
70%
Oklahoma Tulsa | Norman | Broken Arrow | Edmond | Lawton
67%
Utah West Valley City | West Jordan | Provo | Orem | Sandy
67%
Virginia Chesapeake | Norfolk | Arlington | Newport News | Alexandria
64%
Wisconsin Green Bay | Kenosha | Racine | Appleton | Waukesha
64%
Kentucky Lexington | Bowling Green | Owensboro | Covington | Richmond
64%
Minnesota Rochester | Duluth | Bloomington | Plymouth | Brooklyn Park
64%
Washington Spokane | Tacoma | Vancouver | Bellevue | Kent
64%
Iowa Cedar Rapids | Davenport | Sioux City | Iowa City | Ankeny
62%
Indiana Fort Wayne | Evansville | Carmel | South Bend | Fishers
62%
New Jersey Jersey City | Paterson | Elizabeth | Toms River | Clifton
60%
New Hampshire Nashua | Dover | Rochester | Keene | Portmouth
59%
Illinois Aurora | Naperville | Joliet | Rockford | Elgin
57%
Louisiana Shreveport | Metairie | Lafayette | Lake Charles | Bossier City
57%
Oregon Eugene | Hillsboro | Gresham | Bend | Beaverton
56%
Connecticut New Haven | Stamford | Waterbury | Norwalk | Danbury
56%
Wyoming Casper | Laramie | Gillette | Rock Springs | Sheridan
51%
Idaho Meridian | Nampa | Idaho Falls | Caldwell | Pocatello
51%
Montana Missoula | Great Falls | Bozeman | Butte | Kalispell
51%
Delaware Newark | Middletown | Smyrna | Milford | Seaford
51%
Hawaii East Honolulu | Pearl City | Hilo | Waipahu | Kailua
50%
Arkansas Fort Smith | Fayetteville | Springdale | Jonesboro | North Little Rock
50%
New Mexico Las Cruces | Rio Rancho | Roswell | Farmington | Hobbs
49%
Mississippi Gulfport | Southaven | Biloxi | Hattiesburg | Olive Branch
46%
Maine Lewiston | Bangor | South Portland | Auburn | Biddeford
46%
West Virginia Huntington | Morgantown | Parkersburg | Wheeling | Fairmont
42%
Maryland Columbia | Germantown | Silverspring | Waldorf | Frederick
41%
North Dakota Grand Forks | Minot | West Fargo | Williston | Dickinson
36%
South Dakota Rapid City | Aberdeen | Brookings | Watertown | Mitchell
36%
South Carolina North Charleston | Mount Pleasant | Rock Hill | Greenville | Summerville
35%
Rhode Island Cranston | Warwick | Pawtucket | East Providence | Woonsocket
31%
Nebraska Bellevue | Grand Island | Kearney | Fremont | Hastings
27%
Vermont South Burlington | Rutland | Essex Junction | Bennington | Barre
25%
No matching quizzes found
Score Distribution
Percent of People with Each Score
Percentile by Number Answered
Your Score History
You have not taken this quiz